000 00619nam a2200253Ia 4500
005 20260121114358.0
008 008 260114s9999 xx 000 0 eng d
020 _a9783527822263
037 _aEBOOK
040 _aCRL
040 _beng
040 _cCRL
041 _2eng
041 _aeng
084 _qCRL
100 _aGnter Beyer
_9974254
245 4 _aThe Global Cable Industry - Materials, Markets, Products
260 _bWiley
260 _c2021
856 _uhttps://onlinelibrary.wiley.com/doi/book/10.1002/9783527822263
942 _cEBOOK
999 _c1553508
_d1553508